000
00311nam a2200133Ia 4500
005
20251222143303.0
008
251222s9999||||xx |||||||||||||| ||spa||
020
_a
9972-606-16-3
082
_a
869.57/R93
100
_a
Ruíz Rosas, Alonso
245
0
_a
La Enfermedad de Venus
264
_b
Copé
942
_c
LIB
999
_c
15415
_d
15415